000 00581nam a22002177a 4500
003 UA-OsUOA
001 34768
007 ta
008 20051020b un ||||| |||| 00| 0 ukr d
090 _a94(477).044.1
_bГ44
942 _cBK
040 _aUA-OsUOA
_bukr
_cUA-OsUOA
_dUA-OsUOA
245 _aГетьман Іван Мазепа та його доба
300 _a48 с.
955 _a2
041 _aukr
080 _a94(477).044.1
260 _aК.
_bПросвіта
_c1995
650 7 _a9 Географія. Біографії. Історія
_2UDC
999 _c321201
_d321201